LEADER 01045nas a2200229 i 4500 001 000000235671 003 CaOOAMICUS 005 20141209000000.0 008 141112b2014 it uu u0 0ita r 013 $a214575 040 $aSeMil$bita 245 10$aImmigrazione, l'accoglienza tra ostacoli e speranze :$bRapporto Cisf 2014. 260 $aAlba (CN) :$bPeriodici San Paolo,$c2014. 300 $a129 p. :$bill., grafici, tabelle ;$c24 cm. 500 $aTitolo principale dalla copertina. - Indicazione errata in copertina : Anno 36. [i.e. 37.]. 773 0 $tFamiglia Oggi.$dAlba (CN) : Periodici San Paolo, 1983-2015.$w()23806 774 0 $t[vedi periodico].$w()282681 850 $aSeMil 852 $aSeMil$W1$xVenegono$y1$m99 4 37/6$j186017$B186017$CSeMilBibl$Z2$F197821 $85 961 $aAbbonamento: Centro Editoriale Dehoniano 996 $6245$aImmigrazione, l'accoglienza tra ostacoli e speranze :$bRapporto Cisf 2014$9(OLS)http://semarc/title/335904 996 $6260$aAlba (CN) :$bPeriodici San Paolo$9(OLS)http://semarc/publisher/30721 LEADER 01019nam a2200253 i 4500 001 000000128871 003 CaOOAMICUS 005 20040901000000.0 008 040901s1969 it u000 u ita u 013 $a101600 040 $aSeMil$bita 100 1 $aMöller, Joseph.$0(OLS)http://semarc/name/35426 240 10$aFragen wir nach Gott?.$0(OLS)http://semarc/title/190422 245 10$aC'è posto ancora per Dio? /$cJoseph Möller. 260 $aBrescia :$bQueriniana,$ccopyr. 1969. 300 $a44 p. ;$c21 cm. 490 0 $aMeditazioni teologiche. 2. ser. ;$v14 650 4$aDio - Teologia.$0(OLS)http://semarc/subject/1408 830 0$aMeditazioni teologiche. 2. ser. ;$v14.$0(OLS)http://semarc/title/267 850 $aSeMil 852 $aSeMil$W1$xVenegono$y1$m2C VII 265$j267530$B83047$CSeMilBibl$Z2$F86139 $81 961 $aRecupero: Seminario di Seveso 996 $6245$aC'è posto ancora per Dio?$9(OLS)http://semarc/title/190421 996 $6260$aBrescia :$bQueriniana$9(OLS)http://semarc/publisher/29615